Normal view
MARC view
- Wilson Davis, Keith
Entry Nombre Personal
001 - NUMERO DE CONTROL
- campo de control: 56241
003 - IDENTIFICADOR DE NUMERO DE CONTROL
- campo de control: MX-MxUPN
005 - FECHA Y HORA DE LA ÜLTIMA TRANSACCIÓN
- campo de control: 20250401145821.0
008 - DATOS DE LONGITUD FIJA
- campo de control de longitud fija: 250401|| aca||aabn | aaa d
040 ## - FUENTE DE CATALOGACIÓN
- Agencia original de catalogación: MX-MxUPN
- Lenguaje de catalogación: spa
- Agencia de transcripción: MX-MxUPN
100 1# - ENCABEZAMIENTO - NOMBRE PERSONAL
- Nombre personal: Wilson Davis, Keith
670 ## - FUENTE EN LA QUE SE LOCALIZARON DATOS
- Cita de la fuente: UNISIST guidelines for the conduct of user studies, 1978:
- Información localizada: portada (Keith Wilson Davis)
902 ## - CATALOGADOR
- Catalogador: Víctor Ruiz/010425
